00245nam a2200109Ia 4500008004100000020001800041082001600059100001500075245002400090260001000114500001100124260604s9999 xx 000 0 und d a9780143471004 a891.433 KAU aManav kaul 0aA Temple of No Gods bEBURY aTemple